[Event "ICS Rated blitz match"]
[Site "207.99.83.229"]
[Date "1999.07.12"]
[Round "?"]
[White "Diepeveen"]
[Black "Hossa"]
[Result "0-1"]
[WhiteElo "2312"]
[BlackElo "2521"]
[PlyCount "98"]
[EventDate "1999.??.??"]

1. e4 e5 2. Nf3 Nf6 3. Nxe5 d6 4. Nf3 Nxe4 5. d4 d5 6. Bd3 Bd6 7. O-O O-O 8. c4
Re8 9. cxd5 Nd7 10. Nc3 f5 11. Re1 Ndf6 12. Qc2 Nxc3 13. bxc3 Rxe1+ 14. Nxe1
Nxd5 15. Nf3 c6 16. Bd2 Qf8 17. Re1 Kh8 18. Ne5 Qf6 19. h3 Be6 20. Rb1 Nb6 21.
f4 Re8 22. c4 c5 23. d5 Bc8 24. Bc3 Qf8 25. Re1 Kg8 26. Kh1 Qf6 27. Qc1 Na4 28.
Ba1 Qh4 29. Qe3 b5 30. Rf1 bxc4 31. Bxc4 Nb6 32. Bb5 Re7 33. Bc6 a6 34. Qf2
Qxf2 35. Rxf2 a5 36. Kg1 Ba6 37. Rb2 Nc4 38. Nxc4 Bxc4 39. Rc2 Re1+ 40. Kh2
Bxf4+ 41. g3 Rxa1 42. Rxc4 Rxa2+ 43. Kh1 Bxg3 44. Rxc5 g6 45. Rb5 a4 46. Rb1
Rh2+ 47. Kg1 a3 48. Ra1 Rxh3 49. d6 49... Bxd6 {Diepeveen resigns} 0-1

[Event "ICS Rated blitz match"]
[Site "207.99.83.229"]
[Date "1999.07.12"]
[Round "?"]
[White "Diepeveen"]
[Black "Hossa"]
[Result "0-1"]
[WhiteElo "2305"]
[BlackElo "2528"]
[PlyCount "58"]
[EventDate "1999.??.??"]

1. e4 e5 2. Nf3 Nf6 3. Bc4 Nc6 4. Ng5 d5 5. exd5 Nxd5 6. d4 exd4 7. O-O f6 8.
Re1+ Be7 9. Ne6 Bxe6 10. Rxe6 Ne5 11. Qxd4 Nb6 12. Qxd8+ Rxd8 13. Be2 Kf7 14.
Rxe7+ Kxe7 15. Be3 Kf7 16. b3 Nd5 17. Bc1 Rhe8 18. Kf1 Nb4 19. Na3 Kg8 20. c3
Nd5 21. Bd2 Ng6 22. Be1 c6 23. c4 Ndf4 24. Bg4 b6 25. g3 Ne5 26. Bf5 Ne2 27.
Nc2 Nf3 28. h4 g6 29. Bg4 29... Nh2+ {Diepeveen resigns} 0-1

[Event "ICS Rated blitz match"]
[Site "207.99.83.229"]
[Date "1999.07.12"]
[Round "?"]
[White "Diepeveen"]
[Black "Hossa"]
[Result "0-1"]
[WhiteElo "2298"]
[BlackElo "2535"]
[PlyCount "34"]
[EventDate "1999.??.??"]

1. e4 e5 2. Nf3 Nf6 3. Bc4 Nc6 4. Ng5 d5 5. exd5 Nxd5 6. Nxf7 Kxf7 7. Qf3+ Ke6
8. Nc3 Ncb4 9. a3 Nxc2+ 10. Kd1 Nxa1 11. Nxd5 Kd6 12. d4 Be6 13. Re1 c6 14. Ne3
Bxc4 15. Nxc4+ Kc7 16. Bd2 Qxd4 17. Nxe5 17... Rd8 {Diepeveen resigns} 0-1

[Event "ICS rated blitz match"]
[Site "207.99.83.229"]
[Date "1999.07.12"]
[Round "?"]
[White "Diepeveen"]
[Black "Hossa"]
[Result "0-1"]
[WhiteElo "2291"]
[BlackElo "2542"]
[PlyCount "50"]
[EventDate "1999.??.??"]

1. e4 e5 2. Nf3 Nf6 3. Bc4 Nc6 4. Ng5 d5 5. exd5 Nxd5 6. Nxf7 Kxf7 7. Qf3+ Ke6
8. Nc3 Ncb4 9. a3 Nxc2+ 10. Kd1 Nxa1 11. Nxd5 Kd6 12. Qd3 e4 13. Qxe4 a6 14.
Re1 c5 15. d3 Kc6 16. Bd2 Bd6 17. b4 Bd7 18. bxc5 Bxc5 19. Be3 Rc8 20. Nc3+ Kb6
21. Nd5+ Ka7 22. Ne7 Rc7 23. Bxc5+ Rxc5 24. Qd4 Ba4+ 25. Kd2 25... Qxd4 {
Diepeveen resigns} 0-1

[Event "ICS Rated blitz match"]
[Site "207.99.83.229"]
[Date "1999.07.12"]
[Round "?"]
[White "Diepeveen"]
[Black "Hossa"]
[Result "1-0"]
[WhiteElo "2285"]
[BlackElo "2548"]
[PlyCount "46"]
[EventDate "1999.??.??"]

1. e4 e5 2. Nf3 Nf6 3. Bc4 Nc6 4. Ng5 d5 5. exd5 Nxd5 6. Nxf7 Kxf7 7. Qf3+ Ke6
8. Nc3 Ncb4 9. a3 Nxc2+ 10. Kd1 Nxa1 11. Nxd5 Kd6 12. Re1 c6 13. Rxe5 Qh4 14.
Re4 Qxh2 15. d3 cxd5 16. Bf4+ Qxf4 17. Qxf4+ Kc6 18. Bxd5+ Kxd5 19. Qc7 Bg4+
20. Rxg4 Rb8 21. Qxb8 b6 22. Qxa7 h5 23. Qd7+ 23... Bd6 {Hossa resigns} 1-0

[Event "ICS Rated blitz match"]
[Site "207.99.83.229"]
[Date "1999.07.12"]
[Round "?"]
[White "Diepeveen"]
[Black "Hossa"]
[Result "1-0"]
[WhiteElo "2311"]
[BlackElo "2522"]
[PlyCount "35"]
[EventDate "1999.??.??"]

1. e4 e5 2. Nf3 Nf6 3. Bc4 Nc6 4. Ng5 d5 5. exd5 Nxd5 6. Nxf7 Kxf7 7. Qf3+ Ke6
8. Nc3 Ncb4 9. a3 Nxc2+ 10. Kd1 Nxa1 11. Nxd5 Kd6 12. Re1 c6 13. Rxe5 Qh4 14.
Re4 Qxh2 15. d3 Qh1+ 16. Re1 Qxe1+ 17. Kxe1 Nc2+ 18. Kd1 {Hossa resigns} 1-0

[Event "ICS rated blitz match"]
[Site "207.99.83.229"]
[Date "1999.07.12"]
[Round "?"]
[White "Hossa"]
[Black "Diepeveen"]
[Result "1-0"]
[WhiteElo "2497"]
[BlackElo "2336"]
[PlyCount "29"]
[EventDate "1999.??.??"]

1. d4 d5 2. c4 c6 3. Nc3 Nf6 4. Nf3 dxc4 5. g3 Bf5 6. Nh4 e6 7. Nxf5 exf5 8.
Bh3 g6 9. Bg5 Bg7 10. O-O O-O 11. e4 fxe4 12. Nxe4 Re8 13. Re1 Nbd7 14. Qf3 h6
15. Nxf6+ {Diepeveen resigns} 1-0

[Event "ICS Rated blitz match"]
[Site "207.99.83.229"]
[Date "1999.07.12"]
[Round "?"]
[White "Diepeveen"]
[Black "Hossa"]
[Result "1-0"]
[WhiteElo "2327"]
[BlackElo "2506"]
[PlyCount "134"]
[EventDate "1999.??.??"]

1. e4 Nc6 2. d4 d5 3. Nc3 dxe4 4. d5 Ne5 5. Bf4 Ng6 6. Bg3 f5 7. Nh3 e5 8. dxe6
Bxe6 9. Nb5 Rc8 10. Nxa7 Qxd1+ 11. Rxd1 Rd8 12. Bxc7 Bb4+ 13. c3 Rxd1+ 14. Kxd1
Bc5 15. Nb5 Bxa2 16. Kc2 Nh6 17. b3 Kd7 18. Bc4 Rc8 19. Rd1+ Kc6 20. Bd6 Rd8
21. Bxc5 Rxd1 22. Kxd1 Kxc5 23. Kc2 Ne5 24. Be2 Nhg4 25. Nd4 Nd3 26. Nxf5 Bxb3+
27. Kxb3 Nc1+ 28. Kc2 Nxe2 29. Kd2 Nxc3 30. Kxc3 g6 31. Ne3 Nf6 32. Nf4 b6 33.
Ne6+ Kd6 34. Nd4 Nd7 35. Nc4+ Kd5 36. Ne3+ Kd6 37. f3 exf3 38. Nxf3 Kc5 39. Ng5
Nf6 40. Ne6+ Kd6 41. Nd4 Kc5 42. Nb3+ Kb5 43. Kd4 Ne8 44. Kd5 Nf6+ 45. Ke5 Ne8
46. Ke6 Kb4 47. Nd4 Kc5 48. Ndc2 Nd6 49. Kf6 Ne8+ 50. Kf7 Nd6+ 51. Kg7 Nc8 52.
Kxh7 Ne7 53. Kg7 b5 54. Kf6 Nc6 55. Kxg6 b4 56. Nxb4 Nxb4 57. h4 Kd4 58. h5 Nd3
59. Nc2+ Kc3 60. h6 Ne5+ 61. Kf6 Ng4+ 62. Kg5 Ne5 63. h7 Kxc2 64. Kf6 Nc4 65.
h8=Q Kd3 66. Qd8+ Ke3 67. g4 67... Ke4 {Hossa resigns} 1-0

[Event "ICS Rated bullet match"]
[Site "207.99.83.229"]
[Date "1999.07.12"]
[Round "?"]
[White "DiepX"]
[Black "Hossa"]
[Result "1-0"]
[WhiteElo "2608"]
[BlackElo "2370"]
[PlyCount "169"]
[EventDate "1999.??.??"]

1. e4 b6 2. d4 Bb7 3. Bd3 e6 4. Nf3 c5 5. c3 Nf6 6. Qe2 Be7 7. O-O Nc6 8. a3
Na5 9. Nbd2 O-O 10. dxc5 bxc5 11. e5 Nd5 12. Ne4 Nb3 13. Rb1 f6 14. c4 Nxc1 15.
Rbxc1 Nf4 16. Qe3 fxe5 17. Nxe5 d6 18. Nf3 Qb6 19. Rfd1 Nxd3 20. Rxd3 Qxb2 21.
Rb3 Qxb3 22. Qxb3 Bxe4 23. Qe3 Bf5 24. Re1 Rab8 25. Qc3 Bf6 26. Qa5 Rf7 27. Qd2
Be7 28. Qa5 Bd8 29. Qd2 Rb6 30. g4 Bxg4 31. Ne5 dxe5 32. Qxd8+ Rf8 33. Qc7 e4
34. Qxc5 Bf3 35. Qe7 Rf7 36. Qe8+ Rf8 37. Qd7 Rf7 38. Qa4 Re7 39. c5 Rb2 40.
Qd4 Reb7 41. Qd6 Kf7 42. Qf4+ Kg8 43. Qe5 Kf7 44. Kf1 a5 45. c6 R7b5 46. Qc7+
Kg6 47. Qe7 Rc2 48. Qxe6+ Kg5 49. Qe7+ Kh6 50. c7 Rbc5 51. h4 Kg6 52. Qe6+ Kh5
53. Qg8 h6 54. Qxg7 Rxc7 55. Qe5+ Kxh4 56. Qf4+ Kh5 57. Qf5+ Kh4 58. a4 R2c5
59. Qg6 R7c6 60. Qg1 Rg5 61. Qh2+ Kg4 62. Qb8 Rc2 63. Qb3 Rd2 64. Qc3 Rdd5 65.
Qc6 Kh5 66. Qe6 Rd2 67. Rb1 Rgd5 68. Qf7+ Kg5 69. Kg1 h5 70. Qg7+ Kf5 71. Qf7+
Kg4 72. Qe6+ Kh4 73. Qe7+ Rg5+ 74. Kf1 Ra2 75. Qf6 Bg2+ 76. Ke1 Rxa4 77. Rb5
Ra1+ 78. Kd2 Ra2+ 79. Kc3 Rxf2 80. Qxg5+ Kh3 81. Qxh5+ Kg3 82. Rg5+ Kf4 83.
Rf5+ Kg3 84. Qg6+ Kh3 85. Rh5# {Hossa checkmated} 1-0

[Event "ICS rated bullet match"]
[Site "207.99.83.229"]
[Date "1999.07.12"]
[Round "?"]
[White "Hossa"]
[Black "DiepX"]
[Result "0-1"]
[WhiteElo "2364"]
[BlackElo "2614"]
[PlyCount "73"]
[EventDate "1999.??.??"]

1. d4 Nf6 2. c4 e6 3. Nc3 Bb4 4. Nf3 c5 5. g3 cxd4 6. Qxd4 Nc6 7. Qd3 d5 8. Bd2
d4 9. Nb5 Bxd2+ 10. Nxd2 O-O 11. Bg2 e5 12. O-O a6 13. Na3 Be6 14. Rad1 Qc7 15.
f4 Rad8 16. fxe5 Nxe5 17. Qc2 Nfg4 18. Be4 Ne3 19. Bxh7+ Kh8 20. Qe4 Nxd1 21.
Rxd1 f6 22. Bf5 Bxf5 23. Qxf5 d3 24. exd3 Qb6+ 25. Kh1 Nxd3 26. Ne4 Qc6 27. Kg1
Nxb2 28. Rxd8 Rxd8 29. c5 Rd1+ 30. Kf2 Rh1 31. h3 Nd3+ 32. Ke3 Ne5 33. Nc2 b6
34. Nf2 Qxc5+ 35. Ke2 Qb5+ 36. Nd3 Rh2+ 37. Kd1 {Hossa resigns} 0-1

[Event "ICS Rated Blitz match"]
[Site "131.246.89.4"]
[Date "1999.07.12"]
[Round "?"]
[White "PowC"]
[Black "Hossa"]
[Result "0-1"]
[WhiteElo "1458"]
[BlackElo "2087"]
[PlyCount "58"]
[EventDate "1999.??.??"]

1. e4 d6 2. d4 Nf6 3. Nc3 c6 4. f4 Qa5 5. Qf3 d5 6. Bd2 Qb6 7. exd5 Bf5 8.
O-O-O Bg4 9. Na4 Qxd4 10. Qb3 b5 11. Nf3 Qxa4 12. Qxa4 bxa4 13. dxc6 Nxc6 14.
Be2 Rb8 15. Kb1 a3 16. b3 e6 17. Rhe1 Ne4 18. Be3 Bb4 19. Rf1 Nc3+ 20. Kc1
Nxe2+ 21. Kb1 Nc3+ 22. Ka1 Nxd1 23. Rxd1 O-O 24. Rf1 Rfd8 25. Kb1 Bxf3 26. Rxf3
Rd1+ 27. Bc1 Bd2 28. Rf1 Rxf1 29. Ka1 29... Rxc1# {PowC checkmated} 0-1

[Event "ICS Rated bullet match"]
[Site "207.99.83.229"]
[Date "1999.07.12"]
[Round "?"]
[White "DiepX"]
[Black "Hossa"]
[Result "1-0"]
[WhiteElo "2620"]
[BlackElo "2358"]
[PlyCount "92"]
[EventDate "1999.??.??"]

1. e4 d6 2. f4 f5 3. exf5 Bxf5 4. d4 e6 5. Nf3 Be7 6. d5 Qc8 7. Bb5+ c6 8. dxc6
Nxc6 9. Nc3 Nf6 10. O-O O-O 11. Be3 Ng4 12. Bc1 Qc7 13. Kh1 a6 14. Ba4 Bf6 15.
h3 Nh6 16. Ne2 Nf7 17. c3 Qe7 18. Ng3 Nh6 19. Be3 Rac8 20. Ng5 d5 21. Rc1 Bg6
22. b4 Nd8 23. Bc5 Rxc5 24. bxc5 Bxg5 25. fxg5 Rxf1+ 26. Nxf1 Qxg5 27. Qd2 Qh4
28. Bc2 Bxc2 29. Rxc2 Nf5 30. Qf2 Qc4 31. Ne3 Nxe3 32. Qxe3 Qf1+ 33. Kh2 Qf6
34. Rf2 Qh4 35. Qg3 Qxg3+ 36. Kxg3 g6 37. Kf4 a5 38. Ke5 g5 39. Kd6 a4 40. Ke7
Nc6+ 41. Kxe6 d4 42. cxd4 Nxd4+ 43. Kf6 Nc6 44. Rb2 Nd8 45. Rd2 Nc6 46. Rd7
46... h6 {Hossa resigns} 1-0

[Event "ICS Rated Blitz match"]
[Site "131.246.89.4"]
[Date "1999.07.12"]
[Round "?"]
[White "Hossa"]
[Black "DisasterArea"]
[Result "1-0"]
[WhiteElo "2087"]
[BlackElo "961"]
[PlyCount "23"]
[EventDate "1999.??.??"]

1. c4 e5 2. Nc3 g6 3. d4 a6 4. dxe5 Nc6 5. Bf4 Nh6 6. Nd5 b6 7. Nf6+ Ke7 8. Bg5
Ke6 9. Qd5+ Kf5 10. e4+ Kxg5 11. Nf3+ Kf4 12. Qd2# {DisasterArea checkmated}
1-0

[Event "ICS Rated blitz match"]
[Site "207.99.83.229"]
[Date "1999.07.12"]
[Round "?"]
[White "Hossa"]
[Black "Beadle"]
[Result "0-1"]
[WhiteElo "2510"]
[BlackElo "2502"]
[PlyCount "33"]
[EventDate "1999.??.??"]

1. d4 Nf6 2. c4 e6 3. Nc3 d5 4. cxd5 exd5 5. Bg5 c6 6. e4 dxe4 7. Nxe4 Bb4+ 8.
Ke2 Qe7 9. f3 Nbd7 10. Rc1 h6 11. Bxf6 Nxf6 12. Ke3 Nd5+ 13. Kf2 f5 14. a3 fxe4
15. axb4 e3+ 16. Ke2 Qxb4 17. b3 {Hossa resigns} 0-1

[Event "ICS rated bullet match"]
[Site "207.99.83.229"]
[Date "1999.07.12"]
[Round "?"]
[White "Hossa"]
[Black "Beadle"]
[Result "0-1"]
[WhiteElo "2352"]
[BlackElo "2494"]
[PlyCount "142"]
[EventDate "1999.??.??"]

1. d4 d5 2. c4 c6 3. Nc3 Nf6 4. Nf3 dxc4 5. g3 b5 6. Bg5 b4 7. Na4 Qd5 8. Bg2
Bg4 9. Bxf6 exf6 10. O-O Qe6 11. Qc2 Bf5 12. Qc1 Be4 13. Ne1 f5 14. f3 Bd5 15.
Nc2 Nd7 16. e4 Be7 17. Re1 Bxe4 18. fxe4 f4 19. Qxf4 Rc8 20. a3 bxa3 21. Nxa3
Nb6 22. Nc2 Nd7 23. Nc3 Rb8 24. Reb1 Rb7 25. Ne3 O-O 26. Nf5 Rfb8 27. Nxe7+
Qxe7 28. Ra2 Qe6 29. Ne2 Qg6 30. Bh3 Nf6 31. Bf5 Qh5 32. Qf2 g6 33. e5 Nd5 34.
Be4 Qg5 35. h3 Kh8 36. Re1 Qd2 37. Ra4 c3 38. bxc3 Nxc3 39. Nxc3 Qxc3 40. Rf1
Rc7 41. Rfa1 c5 42. Kh1 cxd4 43. Rxa7 Kg8 44. R1a2 Qc1+ 45. Kg2 Rxa7 46. Rxa7
Rb2 47. Rxf7 Rxf2+ 48. Rxf2 Qc5 49. e6 Qe5 50. Bb1 Kg7 51. Rf7+ Kh6 52. Ba2 d3
53. Rf2 Qe4+ 54. Rf3 d2 55. Bb3 Qe2+ 56. Rf2 d1=Q 57. Bxd1 Qxd1 58. Kh2 Qe1 59.
Rf6 Qe5 60. Rf2 g5 61. Rf1 Qxe6 62. g4 Kg6 63. Kg3 h5 64. gxh5+ Kxh5 65. Rg1
Qe3+ 66. Kh2 Qe5+ 67. Kh1 Kh4 68. Rf1 Kg3 69. Kg1 Qe2 70. Rf3+ Kxf3 71. h4
71... Qg2# {Hossa checkmated} 0-1

[Event "ICS Rated bullet match"]
[Site "207.99.83.229"]
[Date "1999.07.12"]
[Round "?"]
[White "Beadle"]
[Black "Hossa"]
[Result "1-0"]
[WhiteElo "2504"]
[BlackElo "2342"]
[PlyCount "141"]
[EventDate "1999.??.??"]

1. d4 d5 2. c4 dxc4 3. e3 e5 4. Bxc4 Qg5 5. Nf3 Qxg2 6. Rg1 Qh3 7. Bxf7+ Ke7 8.
dxe5 Nc6 9. Nc3 Qf5 10. Bxg8 Nxe5 11. Nd5+ Kd8 12. Nxe5 Qxe5 13. Nb6+ Bd6 14.
Nxa8 Rxg8 15. Qb3 Re8 16. Qa4 Qf6 17. Qxa7 Be5 18. Qc5 Bxh2 19. Rg5 Bd7 20. Rh5
Bd6 21. Qc4 h6 22. a3 g5 23. Bd2 Qf3 24. Rxh6 b5 25. Qd4 Qxa8 26. Bb4 Be5 27.
Qd2 Qf3 28. Rd1 Qf7 29. Rg6 Rh8 30. Rxg5 Rh1+ 31. Ke2 Qc4+ 32. Qd3 Rxd1 33.
Qxc4 bxc4 34. Rxe5 Rd3 35. Re4 Bb5 36. Bc3 Rd5 37. f3 Kd7 38. Rg4 Rd3 39. Bd4
c3 40. Rg7+ Kc8 41. Rg8+ Kd7 42. Rg5 Rxd4+ 43. Rxb5 Rd2+ 44. Ke1 Rxb2 45. Rc5
Rb3 46. Ke2 Kd6 47. Rc4 c5 48. Kd3 c2+ 49. Ke2 Rxa3 50. Rxc2 Kd5 51. e4+ Kd4
52. Rd2+ Ke5 53. Rd5+ Kf4 54. Rf5+ Kg3 55. e5 c4 56. e6 Ra2+ 57. Ke3 Ra3+ 58.
Kd4 c3 59. Kd3 Ra8 60. e7 Re8 61. Rf7 Kh4 62. f4 Kh5 63. f5 Kg5 64. f6 Rc8 65.
Rf8 Rc7 66. e8=Q Kg4 67. Rg8+ Kf5 68. Qe4+ Kxf6 69. Rg6+ Kf7 70. Qe6+ Kf8 71.
Rg8# {Hossa checkmated} 1-0

[Event "ICS rated blitz match"]
[Site "207.99.83.229"]
[Date "1999.07.12"]
[Round "?"]
[White "Hossa"]
[Black "Fallen-Star"]
[Result "1-0"]
[WhiteElo "2494"]
[BlackElo "2418"]
[PlyCount "51"]
[EventDate "1999.??.??"]

1. d4 d5 2. c4 e6 3. Nc3 c6 4. e4 dxe4 5. Nxe4 Bb4+ 6. Nc3 e5 7. Be3 exd4 8.
Qxd4 Qf6 9. Nge2 Nd7 10. O-O-O Ne7 11. Qxf6 Nxf6 12. Bd4 O-O 13. Bxf6 gxf6 14.
Ne4 Kg7 15. a3 Ba5 16. Nf4 Ng8 17. Nh5+ Kg6 18. Be2 Bf5 19. Nd6 Be6 20. Nf4+
Kg7 21. Nxb7 Bc7 22. Nxe6+ fxe6 23. Nc5 Bf4+ 24. Kb1 Rfe8 25. g3 Be5 26. f4 {
Fallen-Star resigns} 1-0

[Event "ICS rated blitz match"]
[Site "207.99.83.229"]
[Date "1999.07.12"]
[Round "?"]
[White "Kob"]
[Black "Hossa"]
[Result "0-1"]
[WhiteElo "2224"]
[BlackElo "2513"]
[PlyCount "46"]
[EventDate "1999.??.??"]

1. e4 g6 2. d4 Bg7 3. h4 d5 4. e5 f6 5. Nf3 Nc6 6. Bf4 Bg4 7. Be2 fxe5 8. dxe5
Bxf3 9. Bxf3 e6 10. Bg4 Qe7 11. c3 Bxe5 12. Bg5 Qd6 13. Nd2 h6 14. Be3 O-O-O
15. Qa4 Nf6 16. Bf3 d4 17. cxd4 Bxd4 18. O-O Bxe3 19. fxe3 Qxd2 20. Bxc6 Qxe3+
21. Kh1 Rd4 22. Bxb7+ Kb8 23. Rae1 23... Qxe1 {Kob resigns} 0-1

[Event "ICS rated blitz match"]
[Site "207.99.83.229"]
[Date "1999.07.12"]
[Round "?"]
[White "Hossa"]
[Black "Kob"]
[Result "0-1"]
[WhiteElo "2518"]
[BlackElo "2219"]
[PlyCount "64"]
[EventDate "1999.??.??"]

1. d4 Nf6 2. c4 c5 3. d5 a6 4. Nc3 b5 5. Bg5 b4 6. Bxf6 gxf6 7. Ne4 d6 8. e3 f5
9. Ng3 Bg7 10. Qd2 a5 11. O-O-O a4 12. Nh5 Bh6 13. Bd3 Nd7 14. Bxf5 Ne5 15.
Bxc8 Qxc8 16. f4 Nxc4 17. Qd3 Nb6 18. Nf3 Rg8 19. Qxh7 Rxg2 20. Nh4 a3 21. Nxg2
axb2+ 22. Kb1 Qa6 23. a3 bxa3 24. Qxh6 Qb5 25. Ng7+ Kd7 26. Qh3+ Kc7 27. Ne8+
Kb7 28. Ka2 Qc4+ 29. Kb1 Qb3 30. Nxd6+ exd6 31. Qd7+ Nxd7 32. e4 32... a2# {
Hossa checkmated} 0-1

[Event "ICS rated blitz match"]
[Site "207.99.83.229"]
[Date "1999.07.12"]
[Round "?"]
[White "Kob"]
[Black "Hossa"]
[Result "1/2-1/2"]
[WhiteElo "2246"]
[BlackElo "2491"]
[PlyCount "134"]
[EventDate "1999.??.??"]

1. e4 g6 2. d4 Bg7 3. Nc3 d6 4. Bg5 Nd7 5. Qd2 f6 6. Be3 e5 7. Bc4 Nb6 8. Bb3
f5 9. O-O-O f4 10. dxe5 fxe3 11. Qxe3 Bxe5 12. f4 Bxc3 13. Qxc3 Nf6 14. e5 Ne4
15. Qe3 Bf5 16. exd6 Kf8 17. g4 Bxg4 18. Qxe4 Bxd1 19. Qe5 Qxd6 20. Qxh8+ Ke7
21. Qg7+ Kd8 22. Nh3 Bf3 23. Re1 c5 24. Qf7 Qd7 25. Qf6+ Kc7 26. Re7 Re8 27.
Rxd7+ Nxd7 28. Qc3 Bg4 29. Nf2 Be2 30. a4 Ba6 31. Kb1 Re2 32. Nd3 Bxd3 33. cxd3
Rxh2 34. Be6 Re2 35. Bxd7 Kxd7 36. Qg7+ Re7 37. Qf6 Re1+ 38. Kc2 Re7 39. Kc3 b6
40. f5 gxf5 41. Qxf5+ Kd6 42. Kc4 Rd7 43. Qf6+ Kc7 44. Kb5 Rd6 45. Qe7+ Rd7 46.
Qe5+ Kb7 47. Qe4+ Kb8 48. Ka6 Kc7 49. Kxa7 h5 50. Qe5+ Kc6+ 51. Ka6 Rxd3 52.
Qe4+ Rd5 53. b3 h4 54. Qxh4 Kc7 55. Qf6 Rd6 56. Qxd6+ Kxd6 57. Kxb6 Kd5 58. Kb5
Kd6 59. a5 c4 60. bxc4 Kc7 61. a6 Kc8 62. a7 Kb7 63. Kc5 Kxa7 64. Kc6 Ka8 65.
Kd7 Kb7 66. c5 Ka6 67. c6 67... Kb5 {
Kob ran out of time and Hossa has no material to mate} 1/2-1/2

[Event "ICS rated blitz match"]
[Site "207.99.83.229"]
[Date "1999.07.12"]
[Round "?"]
[White "Hossa"]
[Black "Kob"]
[Result "1-0"]
[WhiteElo "2481"]
[BlackElo "2256"]
[PlyCount "61"]
[EventDate "1999.??.??"]

1. d4 Nf6 2. c4 c5 3. d5 a6 4. Nc3 b5 5. Bg5 b4 6. Bxf6 gxf6 7. Ne4 d6 8. e3 f5
9. Ng5 e5 10. Qh5 Qf6 11. O-O-O h6 12. Ne6 Bxe6 13. dxe6 Qxe6 14. Nf3 Bg7 15.
Nh4 Nc6 16. Nxf5 Bf8 17. Rxd6 Bxd6 18. Ng7+ Kd7 19. Nxe6 Kxe6 20. Bd3 Ke7 21.
Be4 Rac8 22. Rd1 Nd8 23. Bh7 Ne6 24. Bf5 Rcd8 25. Be4 Bc7 26. Bd5 a5 27. Qh4+
f6 28. Qg4 Rd6 29. Bxe6 Rhd8 30. Bd5 Rxd5 31. Qg7+ {Kob resigns} 1-0

[Event "ICS rated blitz match"]
[Site "207.99.83.229"]
[Date "1999.07.12"]
[Round "?"]
[White "Hossa"]
[Black "Count-Dracula"]
[Result "0-1"]
[WhiteElo "2488"]
[BlackElo "1906"]
[PlyCount "77"]
[EventDate "1999.??.??"]

1. d4 d5 2. c4 e6 3. Nc3 Nf6 4. cxd5 exd5 5. Bg5 Be7 6. Qa4+ c6 7. e3 O-O 8.
O-O-O Bf5 9. Bxf6 Bxf6 10. Bd3 Bxd3 11. Rxd3 a5 12. Nge2 Nd7 13. f3 b5 14. Qc2
Re8 15. Ng3 a4 16. e4 a3 17. b4 Nb6 18. Nf5 g6 19. Nh6+ Kf8 20. Kb1 Bg7 21. Ng4
dxe4 22. fxe4 Nc4 23. Rf1 Ra7 24. e5 Qe7 25. Qb3 Qg5 26. Nf6 Bxf6 27. Rxf6 Nd2+
28. Rxd2 Qxd2 29. Rxc6 Qd3+ 30. Kc1 Qxd4 31. Nxb5 Qf4+ 32. Kc2 Qe4+ 33. Kd1
Qxc6 34. Nxa7 Qd7+ 35. Kc2 Qxa7 36. Kd3 Rxe5 37. Qc4 Qe3+ 38. Kc2 Qe1 39. Kb3 {
Hossa resigns} 0-1

[Event "ICS rated blitz match"]
[Site "207.99.83.229"]
[Date "1999.07.12"]
[Round "?"]
[White "Count-Dracula"]
[Black "Hossa"]
[Result "1-0"]
[WhiteElo "1937"]
[BlackElo "2457"]
[PlyCount "58"]
[EventDate "1999.??.??"]

1. e4 g6 2. d4 Bg7 3. Nc3 d6 4. f4 Nd7 5. Nf3 e5 6. fxe5 dxe5 7. d5 Ne7 8. Be3
f5 9. Bb5 fxe4 10. Nxe4 O-O 11. Bc4 Kh8 12. d6 cxd6 13. Nxd6 Nf5 14. Ng5 Nxd6
15. Qxd6 Bh6 16. h4 Rf6 17. Nf7+ Rxf7 18. Bxh6 Rf6 19. Qd5 Qe8 20. O-O-O a6 21.
Rhe1 Rf5 22. g4 Rf8 23. Bxf8 Qxf8 24. Rf1 Qe8 25. Rf7 Ra7 26. Re7 Qf8 27. Rxd7
Qe8 28. Rd8 Kg7 29. Rxe8 29... b5 {Hossa resigns} 1-0

[Event "ICS Rated standard match"]
[Site "207.99.83.229"]
[Date "1999.07.12"]
[Round "?"]
[White "Hossa"]
[Black "Mensa-nger"]
[Result "1-0"]
[WhiteElo "2181"]
[BlackElo "1823"]
[PlyCount "53"]
[EventDate "1999.??.??"]

1. e4 c5 2. Nf3 d6 3. d4 cxd4 4. Nxd4 Nf6 5. Nc3 Nc6 6. Bg5 e6 7. Qd2 Be7 8.
O-O-O O-O 9. f4 a6 10. Bxf6 gxf6 11. Nxc6 bxc6 12. Qf2 d5 13. exd5 exd5 14. Bd3
f5 15. Qg3+ Kh8 16. Qh3 Qc7 17. Ne2 c5 18. Bxf5 Bxf5 19. Qxf5 d4 20. Rhe1 Rae8
21. c3 Bd6 22. Kb1 Rb8 23. Qf6+ Kg8 24. Rd3 Rxb2+ 25. Kxb2 dxc3+ 26. Ka1 Bxf4
27. Nxf4 {Mensa-nger resigns} 1-0

[Event "ICS rated blitz match"]
[Site "207.99.83.229"]
[Date "1999.07.12"]
[Round "?"]
[White "Hossa"]
[Black "MateWithYou2"]
[Result "1-0"]
[WhiteElo "2427"]
[BlackElo "2071"]
[PlyCount "53"]
[EventDate "1999.??.??"]

1. d4 d5 2. c4 e6 3. Nc3 Nf6 4. cxd5 exd5 5. Bg5 h6 6. Bxf6 gxf6 7. Qb3 c6 8.
O-O-O Nd7 9. e4 Nb6 10. exd5 Nxd5 11. Re1+ Be7 12. Nxd5 Qxd5 13. Qb4 Be6 14.
Qxb7 O-O 15. Qxe7 Qxa2 16. Qxf6 Qa1+ 17. Kd2 Qxb2+ 18. Ke3 Rae8 19. Kf4 Qd2+
20. Re3 Bd5 21. Ne2 Re4+ 22. Kf5 Rxe3 23. fxe3 Qxe3 24. Kg4 Be6+ 25. Kh5 Bc4
26. Nf4 Bb3 27. Kxh6 {MateWithYou2 resigns} 1-0

[Event "ICS rated blitz match"]
[Site "207.99.83.229"]
[Date "1999.07.12"]
[Round "?"]
[White "occam"]
[Black "Hossa"]
[Result "0-1"]
[WhiteElo "2325"]
[BlackElo "2431"]
[PlyCount "188"]
[EventDate "1999.??.??"]

1. Nf3 Nf6 2. g3 d5 3. d4 Bf5 4. Bg2 e6 5. O-O Nbd7 6. Nh4 Bg4 7. f3 Bh5 8. g4
Ng8 9. Qe1 Be7 10. gxh5 Bxh4 11. Qb4 Nb6 12. Nc3 a5 13. Qb3 a4 14. Qb5+ c6 15.
Qd3 Qe7 16. e4 O-O-O 17. exd5 exd5 18. Bh3+ Kb8 19. b3 Re8 20. Bf4+ Ka8 21. Qd2
Qb4 22. Nxa4 Qxd2 23. Nxb6+ Ka7 24. Bxd2 Kxb6 25. c4 Bf6 26. c5+ Ka7 27. Bc3
Re3 28. Be1 Rd3 29. Rc1 Bxd4+ 30. Kg2 Nf6 31. h6 gxh6 32. Rc2 Rg8+ 33. Bg3 Ka8
34. Bf5 Re3 35. Rd1 Bc3 36. Kf2 Rge8 37. Bh4 Nh5 38. Bg4 Nf4 39. Kg1 h5 40. Bf5
Rxf3 41. Bxh7 d4 42. Rf1 Nh3+ 43. Kg2 Rxf1 44. Kxf1 Re5 45. Rg2 Rxc5 46. Rg3
Nf4 47. Rg7 Ng6 48. Bxg6 fxg6 49. Rxg6 Rf5+ 50. Ke2 Re5+ 51. Kd1 Re4 52. Bf2
Rg4 53. Rf6 Ka7 54. Rf5 h4 55. h3 Rg2 56. Rf4 Rh2 57. Bxd4+ Bxd4 58. Rxd4 Rxh3
59. Rd2 Kb6 60. Rg2 Kc5 61. Ke2 Kb4 62. Rg4+ Kc3 63. Rc4+ Kb2 64. Ra4 c5 65.
Kf2 Rc3 66. Rxh4 Kxa2 67. b4 Kb3 68. bxc5 Rxc5 69. Rh3+ Kc2 70. Rh7 b5 71. Ke3
Kc3 72. Rd7 Re5+ 73. Kf4 Re8 74. Rc7+ Kb3 75. Rc5 b4 76. Rc7 Kb2 77. Rc6 b3 78.
Kf5 Kb1 79. Kf4 Ra8 80. Ke3 b2 81. Rb6 Ka1 82. Kd2 b1=Q 83. Rxb1+ Kxb1 84. Kc3
Rd8 85. Kc4 Kc2 86. Kc5 Kc3 87. Kc6 Kc4 88. Kc7 Rd4 89. Kc6 Kb4 90. Kb6 Rc4 91.
Kb7 Kb5 92. Ka7 Kc6 93. Kb8 Kb6 94. Ka8 94... Rc8# {occam checkmated} 0-1

[Event "ICS rated blitz match"]
[Site "207.99.83.229"]
[Date "1999.07.12"]
[Round "?"]
[White "Hossa"]
[Black "occam"]
[Result "1-0"]
[WhiteElo "2442"]
[BlackElo "2314"]
[PlyCount "91"]
[EventDate "1999.??.??"]

1. d4 d5 2. c4 dxc4 3. Nf3 c6 4. e4 b5 5. Qc2 Bg4 6. Ne5 Bh5 7. Qc3 f6 8. Nf3
Na6 9. Nbd2 e6 10. Be2 Bb4 11. Qe3 Nh6 12. a3 Ng4 13. Qf4 Bd6 14. e5 fxe5 15.
Nxe5 Bxe5 16. dxe5 Nc5 17. h3 Rf8 18. Qg3 Nd3+ 19. Bxd3 Nxf2 20. Bg6+ hxg6 21.
O-O Nd3 22. Rxf8+ Kxf8 23. Qe3 Bd1 24. Nf1 Kg8 25. Bd2 Ba4 26. Bc3 Qb6 27. Bd4
Qc7 28. Nd2 Rd8 29. Rf1 Rd5 30. Nf3 c5 31. Bc3 b4 32. axb4 cxb4 33. Bd4 a6 34.
Qe4 Be8 35. Qh4 Rxd4 36. Qxd4 b3 37. Qh4 Qa7+ 38. Kh1 Qf7 39. Nd2 Qc7 40. Ne4
Qxe5 41. Ng5 Nf2+ 42. Rxf2 Qe1+ 43. Kh2 Qxf2 44. Qxf2 Ba4 45. Qf7+ Kh8 46. Qf8#
{occam checkmated} 1-0